00852nam a22002417a 45000010005000000030006000050050017000110080041000280400029000690500008000980820010001061000022001162450019001382600046001573000046002034900027002495050008002765200228002845210027005125210018005396500024005576500029005819912FISKH20260316101900.0260316b cb ||||| |||| 00| 0 eng d aFISKHbengcFISKHdFISKH aPZ7 a595.7 aAnonymouseAuthor aSmall things / aNew Delhi : bLonely Planet Kids ,c2017  a49 pages : bcolor illustrations ;c15 cm aAmazing World Series : aP  aA fascinating nonfiction book that explores the tiny creatures and small wonders of the natural world. Readers discover insects and other miniature life forms and learn how these small things play important roles in nature.8 a650 bLexile estimate 8 aP bRaz-Plus  aNature vInsects  aSmall animals vScience